| 000 | 00427nam a22001817a 4500 | ||
|---|---|---|---|
| 005 | 20250415133444.0 | ||
| 008 | 240902b |||||||| |||| 00| 0 eng d | ||
| 020 | _a978-93-90595-25-9 | ||
| 041 | _aeng | ||
| 082 | _a616.07 MOH | ||
| 100 | _aMOHAN, HARSH | ||
| 245 | _aPRACTICAL PATHOLOGY | ||
| 250 | _a5TH ED. 2023 | ||
| 260 |
_aNEW DELHI _bJAYPEE BROTHERS |
||
| 300 | _a283;P | ||
| 650 |
_aBMLT _98487 |
||
| 942 | _cBK | ||
| 999 |
_c8637 _d8635 |
||